UBT Library

Krahasimi i ASP.NET Web Form dhe ASP.NET MVS nga Aspekti i Perfomances dhe Sigurise ne Zhvillimin e Modulit per Blerje ne Internet (Record no. 45463)

000 -LEADER
fixed length control field 00374nam a22001217a 4500
008 - FIXED-LENGTH DATA ELEMENTS--GENERAL INFORMATION
fixed length control field 180424b xxu||||| |||| 00| 0 eng d
041 ## - LANGUAGE CODE
Language code of text/sound track or separate title eng
080 ## - UNIVERSAL DECIMAL CLASSIFICATION NUMBER
Universal Decimal Classification number 043.3
100 ## - Rafti
Rafti 0
101 ## - Shkurtesa
Shkurtesa SHKI-BA
245 ## - TITLE STATEMENT
Title Krahasimi i ASP.NET Web Form dhe ASP.NET MVS nga Aspekti i Perfomances dhe Sigurise ne Zhvillimin e Modulit per Blerje ne Internet
Statement of responsibility, etc Zylfiu, B
942 ## - ADDED ENTRY ELEMENTS (KOHA)
Source of classification or shelving scheme
Item type Books
Holdings
Withdrawn status Lost status Source of classification or shelving scheme Damaged status Not for loan Collection code Permanent location Current location Shelving location Date acquired Total Checkouts Full call number Barcode Date last seen Price effective from Koha item type
          Koleksioni i përgjithshem UBT - Lipjan UBT - Lipjan Koleksioni i përgjithshem 04/24/2018   043.3 Zylfiu, B 2015 002-3003134 04/24/2018 04/24/2018 Books
          Koleksioni i përgjithshem UBT - Lipjan UBT - Lipjan Koleksioni i përgjithshem 04/24/2018   043.3 Zylfiu, B 2015 002-3003139 04/24/2018 04/24/2018 Books
          Koleksioni i përgjithshem UBT - Lipjan UBT - Lipjan Koleksioni i përgjithshem 04/24/2018   043.3 Zylfiu, B 2015 002-3003138 04/24/2018 04/24/2018 Books
UBT Library © 2015-2024. All rights reserved University Education for Business and Technology